000 00496nam a2200169Ia 4500
999 _c21228
_d21228
003 OSt
005 20200605121919.0
008 190216s9999||||xx |||||||||||||| ||und||
020 _a8187317663
040 _coclc
082 _a323
_bVAD/C
100 _aVadkar, Praveen
_92527
245 0 _aConcepts Theories And Practice Of Human Rights /
_cPraveen Vadkar
260 _bRajath Publications,
_c2007.
_aDelhi:
300 _a299p
942 _cBK
_2ddc
_h323
_iVAD/C
_k323
_mVAD/C